| 000 | 00628nam a22002057a 4500 | ||
|---|---|---|---|
| 005 | 20260407153459.0 | ||
| 008 | 260407b |||||||| |||| 00| 0 eng d | ||
| 020 |
_a978-93-325-4947-0 _cRs.930.00 |
||
| 040 | _aLoreto College | ||
| 041 | _aEnglish | ||
| 082 |
_a370.7 _bCRE |
||
| 100 | _aCreswell,John w. | ||
| 245 |
_aEducational reseach _bPlanning,conducting, and evaluating quantitative and qualitative research _cJohn W. Creswell |
||
| 260 |
_aNoida _bPearson India Education _c2024 |
||
| 300 | _axvi,650p.;25cm. | ||
| 650 | _aEducation | ||
| 650 | _aEducational research | ||
| 850 | _aLCLIB | ||
| 942 | _cBK | ||
| 999 |
_c44331 _d94810 |
||